<?xml version="1.0" encoding="UTF-8"?>
<record
    xmlns:xsi="http://www.w3.org/2001/XMLSchema-instance"
    xsi:schemaLocation="http://www.loc.gov/MARC21/slim http://www.loc.gov/standards/marcxml/schema/MARC21slim.xsd"
    xmlns="http://www.loc.gov/MARC21/slim">

  <leader>00580nam a22001937a 4500</leader>
  <controlfield tag="005">20260420112421.0</controlfield>
  <controlfield tag="008">260420b        |||||||| |||| 00| 0 eng d</controlfield>
  <datafield tag="020" ind1=" " ind2=" ">
    <subfield code="a">9781284172607</subfield>
  </datafield>
  <datafield tag="050" ind1=" " ind2=" ">
    <subfield code="a">QA 76.9 .A25 O76 2020</subfield>
    <subfield code="b">C.1</subfield>
  </datafield>
  <datafield tag="100" ind1=" " ind2=" ">
    <subfield code="a">Oriyano, Sean-Philip</subfield>
  </datafield>
  <datafield tag="245" ind1=" " ind2=" ">
    <subfield code="a">Hacker Techniques, Tools, and Incident Handling</subfield>
  </datafield>
  <datafield tag="250" ind1=" " ind2=" ">
    <subfield code="a">Third Edition</subfield>
  </datafield>
  <datafield tag="260" ind1=" " ind2=" ">
    <subfield code="a">Burlington, MA</subfield>
    <subfield code="b">Jones &amp; Bartlett</subfield>
    <subfield code="c">2020</subfield>
  </datafield>
  <datafield tag="300" ind1=" " ind2=" ">
    <subfield code="a">xvi, 407p.:ill.</subfield>
  </datafield>
  <datafield tag="500" ind1=" " ind2=" ">
    <subfield code="a">Includes index</subfield>
  </datafield>
  <datafield tag="650" ind1=" " ind2=" ">
    <subfield code="a">1. Computer hackers. 2. Computer security.</subfield>
  </datafield>
  <datafield tag="700" ind1=" " ind2=" ">
    <subfield code="a">Solomon, Michael G.</subfield>
  </datafield>
  <datafield tag="942" ind1=" " ind2=" ">
    <subfield code="2">lcc</subfield>
    <subfield code="c">BK</subfield>
  </datafield>
  <datafield tag="999" ind1=" " ind2=" ">
    <subfield code="c">217011</subfield>
    <subfield code="d">217011</subfield>
  </datafield>
  <datafield tag="952" ind1=" " ind2=" ">
    <subfield code="0">0</subfield>
    <subfield code="1">0</subfield>
    <subfield code="2">lcc</subfield>
    <subfield code="4">0</subfield>
    <subfield code="6">QA00769 A25 O75  02020</subfield>
    <subfield code="7">0</subfield>
    <subfield code="8">SCT</subfield>
    <subfield code="9">377077</subfield>
    <subfield code="a">KSUL</subfield>
    <subfield code="b">KSUL</subfield>
    <subfield code="d">2026-04-20</subfield>
    <subfield code="i">113147</subfield>
    <subfield code="l">0</subfield>
    <subfield code="o">QA 76.9 .A25 O75 2020</subfield>
    <subfield code="p">A001971</subfield>
    <subfield code="r">2026-04-20 11:27:33</subfield>
    <subfield code="t">C.1</subfield>
    <subfield code="w">2026-04-20</subfield>
    <subfield code="y">BK</subfield>
  </datafield>
  <datafield tag="952" ind1=" " ind2=" ">
    <subfield code="0">0</subfield>
    <subfield code="1">0</subfield>
    <subfield code="2">lcc</subfield>
    <subfield code="4">0</subfield>
    <subfield code="6">QA00769 A25 O75  02020</subfield>
    <subfield code="7">0</subfield>
    <subfield code="8">SCT</subfield>
    <subfield code="9">377078</subfield>
    <subfield code="a">KSUL</subfield>
    <subfield code="b">KSUL</subfield>
    <subfield code="d">2026-04-20</subfield>
    <subfield code="i">113148</subfield>
    <subfield code="l">0</subfield>
    <subfield code="o">QA 76.9 .A25 O75 2020</subfield>
    <subfield code="p">A001972</subfield>
    <subfield code="r">2026-04-20 11:27:00</subfield>
    <subfield code="t">C.2</subfield>
    <subfield code="w">2026-04-20</subfield>
    <subfield code="y">BK</subfield>
  </datafield>
  <datafield tag="952" ind1=" " ind2=" ">
    <subfield code="0">0</subfield>
    <subfield code="1">0</subfield>
    <subfield code="2">lcc</subfield>
    <subfield code="4">0</subfield>
    <subfield code="6">QA00769 A25 O75  02020</subfield>
    <subfield code="7">0</subfield>
    <subfield code="8">SCT</subfield>
    <subfield code="9">377079</subfield>
    <subfield code="a">KSUL</subfield>
    <subfield code="b">KSUL</subfield>
    <subfield code="d">2026-04-20</subfield>
    <subfield code="i">113149</subfield>
    <subfield code="l">0</subfield>
    <subfield code="o">QA 76.9 .A25 O75 2020</subfield>
    <subfield code="r">2026-04-20 11:27:00</subfield>
    <subfield code="t">C.3</subfield>
    <subfield code="w">2026-04-20</subfield>
    <subfield code="y">BK</subfield>
  </datafield>
  <datafield tag="952" ind1=" " ind2=" ">
    <subfield code="0">0</subfield>
    <subfield code="1">0</subfield>
    <subfield code="2">lcc</subfield>
    <subfield code="4">0</subfield>
    <subfield code="6">QA00769 A25 O75  02020</subfield>
    <subfield code="7">0</subfield>
    <subfield code="8">SCT</subfield>
    <subfield code="9">377081</subfield>
    <subfield code="a">KSUL</subfield>
    <subfield code="b">KSUL</subfield>
    <subfield code="d">2026-04-20</subfield>
    <subfield code="i">113150</subfield>
    <subfield code="l">0</subfield>
    <subfield code="o">QA 76.9 .A25 O75 2020</subfield>
    <subfield code="p">A001970</subfield>
    <subfield code="r">2026-04-20 11:27:00</subfield>
    <subfield code="t">C.4</subfield>
    <subfield code="w">2026-04-20</subfield>
    <subfield code="y">BK</subfield>
  </datafield>
  <datafield tag="952" ind1=" " ind2=" ">
    <subfield code="0">0</subfield>
    <subfield code="1">0</subfield>
    <subfield code="2">lcc</subfield>
    <subfield code="4">0</subfield>
    <subfield code="6">QA00769 A25 O75  02020</subfield>
    <subfield code="7">0</subfield>
    <subfield code="8">SCT</subfield>
    <subfield code="9">377083</subfield>
    <subfield code="a">KSUL</subfield>
    <subfield code="b">KSUL</subfield>
    <subfield code="d">2026-04-20</subfield>
    <subfield code="i">113151</subfield>
    <subfield code="l">0</subfield>
    <subfield code="o">QA 76.9 .A25 O75 2020</subfield>
    <subfield code="p">A001969</subfield>
    <subfield code="r">2026-04-20 11:27:00</subfield>
    <subfield code="t">C.5</subfield>
    <subfield code="w">2026-04-20</subfield>
    <subfield code="y">BK</subfield>
  </datafield>
  <datafield tag="952" ind1=" " ind2=" ">
    <subfield code="0">0</subfield>
    <subfield code="1">0</subfield>
    <subfield code="2">lcc</subfield>
    <subfield code="4">0</subfield>
    <subfield code="6">QA00769 A25 O75  02020</subfield>
    <subfield code="7">0</subfield>
    <subfield code="8">SCT</subfield>
    <subfield code="9">377084</subfield>
    <subfield code="a">KSUL</subfield>
    <subfield code="b">KSUL</subfield>
    <subfield code="d">2026-04-20</subfield>
    <subfield code="i">113152</subfield>
    <subfield code="l">0</subfield>
    <subfield code="o">QA 76.9 .A25 O75 2020</subfield>
    <subfield code="p">A001968</subfield>
    <subfield code="r">2026-04-20 11:27:00</subfield>
    <subfield code="t">C.6</subfield>
    <subfield code="w">2026-04-20</subfield>
    <subfield code="y">BK</subfield>
  </datafield>
  <datafield tag="952" ind1=" " ind2=" ">
    <subfield code="0">0</subfield>
    <subfield code="1">0</subfield>
    <subfield code="2">lcc</subfield>
    <subfield code="4">0</subfield>
    <subfield code="6">QA00769 A25 O75  02020</subfield>
    <subfield code="7">0</subfield>
    <subfield code="8">SCT</subfield>
    <subfield code="9">377085</subfield>
    <subfield code="a">KSUL</subfield>
    <subfield code="b">KSUL</subfield>
    <subfield code="d">2026-04-20</subfield>
    <subfield code="i">113153</subfield>
    <subfield code="l">0</subfield>
    <subfield code="o">QA 76.9 .A25 O75 2020</subfield>
    <subfield code="r">2026-04-20 11:27:00</subfield>
    <subfield code="t">C.7</subfield>
    <subfield code="w">2026-04-20</subfield>
    <subfield code="y">BK</subfield>
  </datafield>
  <datafield tag="952" ind1=" " ind2=" ">
    <subfield code="0">0</subfield>
    <subfield code="1">0</subfield>
    <subfield code="2">lcc</subfield>
    <subfield code="4">0</subfield>
    <subfield code="6">QA00769 A25 O75  02020</subfield>
    <subfield code="7">0</subfield>
    <subfield code="8">SCT</subfield>
    <subfield code="9">377087</subfield>
    <subfield code="a">KSUL</subfield>
    <subfield code="b">KSUL</subfield>
    <subfield code="d">2026-04-20</subfield>
    <subfield code="i">113154</subfield>
    <subfield code="l">0</subfield>
    <subfield code="o">QA 76.9 .A25 O75 2020</subfield>
    <subfield code="r">2026-04-20 11:27:00</subfield>
    <subfield code="t">C.8</subfield>
    <subfield code="w">2026-04-20</subfield>
    <subfield code="y">BK</subfield>
  </datafield>
</record>
